01673cam a2200397 a 4500001000800000005001700008008004100025020003200066035002100098035002400119035002300143035001700166040002200183041001100205045000900216082001500225100004900240110005700289245017300346260007400519300003400593500006700627500007400694500003300768504004100801546002200842650005200864700004800916710005800964856006501022910002101087948002801108990001401136999001301150952011201163794086020220326193301.0100906s2010 sp a c 000 0 spa d a9788461396238 :c50.00 EUR. a(OCoLC)668942646 a(OCoLC)ocn668942646 a(ItFiC)it 60697757 a(NNC)7940860 aItFiCbengcItFiC0 aspaeng ax4x-14a707bL123p aÁlvares Gonzáles, Mercedes et all 91403 aLABoral Centro de Arte y Creación Industrial9140403aEl proceso como paradigma :barte en desarrollo, movimiento y cambio = Process as paradigm : art in development, flux and change.cMercedes Álvares Gonzáles et all  a[Gijón] :bLABoral, Centro de Arte y Creación Industrial,c[2010] a173 p. :bcol. ill. ;c25 cm. aExhibition catalogue, Gijón, LABoral, Apr. 23-Aug. 30, 2010. aOn t.p.: Gobierno del Principado de Asturias; Fundación Telefonica. aText in English and Spanish. aIncludes bibliographical references. aSpanish, English. 0aArt, Europeany21st centuryvExhibitions.91405 aMercedes Álvares Gonzáles et all 91406 aLABoral, Centro de Arte y Creación Industrial9140742uhttp://www.columbia.edu/cgi-bin/cul/resolve?clio79408603TOC aSupplied on F.O.1 a20100921bccrhg9dSCMC b50.00 EUR c300d300 00102ddc4070aLVbLVcPensamientod2014-08-29l0o707 L123pp000296r2014-08-29 00:00:00w2014-08-29y01